football , Quizz sur Le roi PELE - Statistiques

Statistiques générales
  • Ce quiz a été pris 52 fois
  • Le résultat moyen est 8 sur 20
Statistiques - réponses
Hint Réponse % Correct
Quel était son 1er club professionnel ? Santos FC
79%
Combien de buts cumulés a-t-il marqué en coupe du monde ? 12
74%
Combien de finales de coupe du monde a-t-il disputé ? 2
62%
Il pouvait aussi bien jouer aussi bien du pied gauche que du pied droit il était donc.... Ambidextre
62%
Dans club américain a-il joué ? New York Cosmos
62%
A la date du 30/12/2022, il est co-meilleur buteur en sélection nationale avec Neymar.Quel est son total de buts ? 77
57%
Dans quelle ville est-t-il né ? São Paulo
55%
Quel est le seul joueur qui a marqué plus de buts que Pelé en finale de coupe de finale ? Kylian Mbappé
52%
Quel gardien de but lui a fait l'arrêt du siècle ? Gordon Banks
48%
Avec quel coéquipier, L'équipe du Brésil n'a jamais perdu un seul match lorsque pelé faisait un duo avec lui ? Garrincha
45%
Il n'a jamais gagné la Copa América . En quelle année a-t-il été finaliste ? 1959
38%
Contre quelle équipe il a marqué son 1er triplé en CDM ? France
36%
Quel est son vrai nom au complet ?initiales : E.A.d.N Edson Arantes do Nascimento
33%
Quel était son signe astrologique ? Balance
24%
En 1966 , il se fait agressé dès le 1er match sans que l'arbitre ne sanctionne. C'était contre quelle équipe ? Bulgarie
14%
Lors de Finale Brésil/Italie (1970) , il adresse une passe aveugle à un de ses coéquipiers qui marque le quatrième but et dernier de la victoire. comment s'appelait-il ? Carlos Alberto
12%
Dans quel Film de 1981 joue-t-il avec Sylvester Stallone ? À nous la victoire
7%
En 1962 , contre quel club, il remporte la Coupe intercontinentale après 3 matchs disputés ? Milan AC
7%
Contre quelle équipe a-t-il marqué son 1er but en coupe du monde ? Pays de Galles
7%
Contre quel autre gardien fait-il un grand pont sans toucher le ballon mais une fois passé derrière le gardien, il ne parvient pas à cadrer sa frappe ? Mazurkiewicz
0%
Aucun quiz correspondant
Distribution des résultats
% des personnes avec chaque résultat
Percentile par nombre de réponses
Votre historique - résultats
Vous n’avez pas pris ce quiz